| 000 | 00606nam a2200229Ia 4500 | ||
|---|---|---|---|
| 003 | OSt | ||
| 005 | 20221007071227.0 | ||
| 006 | a|||||r|||| 00| 0 | ||
| 007 | ta | ||
| 008 | 221006b |||||||| |||| 00| 0 eng d | ||
| 024 | _a12,938 | ||
| 037 | _cTextual | ||
| 040 |
_aFLL _cFLL _beng |
||
| 041 |
_2eng _aeng |
||
| 082 | _aV3,3:3.N7, L5 | ||
| 100 |
_aPotter David Au. _9688352 |
||
| 245 | 0 | _aUnderstanding government | |
| 260 |
_aLondon _bB T batsford ltd. London _c1975 |
||
| 300 |
_a142p _ccm. |
||
| 942 |
_hV3,3:3.N7, L5 _cTEXL _2CC |
||
| 999 |
_c1142794 _d1142794 |
||